000 00358nam a2200145 a 4500
008 981031s1961||||xx 0 und c
040 _aSNK
_bslo
_cSNK
_eAACR2
100 1 _aFontane, Theodor
245 1 0 _aEffi Briestová
260 _aBratislava
_bSlovenské vydavateľstvo
_c1961
300 _a318 s.
020 _c17,10
044 _axo
_cSK
041 _aslo
999 _c10632
_d10632